Current Performances of Slovak Airports in Terms of Passenger Air Transport
Identifikácia súčasnej výkonnosti slovenských letísk s dôrazom na obdobie po pandémii so zameraním sa na počet prepravených cestujúcich. Porovnanie najvýznamnejších medzinárodných letísk nachádzajúcich sa na Slovensku - Letisko M. R. Štefánika v Bratislave a Letisko Košice. Návrhy pre manažment leti...
Guardado en:
| Autor principal: | |
|---|---|
| Formato: | Capítulo de libro |
| Lenguaje: | inglés |
| Materias: | |
| Etiquetas: |
Sin Etiquetas, Sea el primero en etiquetar este registro!
|
MARC
| LEADER | 00000naa$a2200000$$$4500 | ||
|---|---|---|---|
| 001 | 0305605 | ||
| 005 | 20241216085358.0 | ||
| 041 | 0 | |a eng | |
| 044 | |a SK | ||
| 245 | 1 | 0 | |a Current Performances of Slovak Airports in Terms of Passenger Air Transport |c Vanesa Pospíšilová |
| 520 | |a Identifikácia súčasnej výkonnosti slovenských letísk s dôrazom na obdobie po pandémii so zameraním sa na počet prepravených cestujúcich. Porovnanie najvýznamnejších medzinárodných letísk nachádzajúcich sa na Slovensku - Letisko M. R. Štefánika v Bratislave a Letisko Košice. Návrhy pre manažment letiska na optimalizáciu výkonnosti letiska. | ||
| 610 | 2 | 0 | |a doprava letecká osobná |
| 610 | 2 | 0 | |a letiská |
| 610 | 2 | 0 | |a výkonnosť |
| 610 | 2 | 0 | |a manažment |
| 610 | 2 | 0 | |a cestujúci |
| 610 | 2 | 0 | |a preprava |
| 610 | 2 | 0 | |a pandémia |
| 610 | 2 | 0 | |a Slovensko |
| 100 | 1 | |a Pospíšilová, Vanesa, 1998- | |